000
00338nam a2200145Ia 4500
005
20251222154410.0
008
251222s9999||||xx |||||||||||||| ||spa||
020
_a
8422610450
082
_a
800/P99
100
_a
Puzo, Mario
245
0
_a
Los Tontos no Mueren
250
_a
6ta.ed.
264
_b
Ediciones Grijalbo, S.A.
942
_c
LIB
999
_c
35616
_d
35616